000
00199 a2200097 4500
001
4024
100
_a
Elliott, A
245
_a
Laboratory instruments
260
_a
_b
Chapman
_c
090
_c
3250
_d
3250
942
_a
NUST-CAE
_c
M
_c
25003
999
_c
239097
_d
239097